UM Logo

Torque-performance improvement for direct torque-controlled PMSM drives based on duty-ratio regulation / (Record no. 18889)

MARC details
000 -LEADER
fixed length control field 01179nam a22002777a 4500
003 - CONTROL NUMBER IDENTIFIER
control field OSt
005 - DATE AND TIME OF LATEST TRANSACTION
control field 20251020172220.0
008 - FIXED-LENGTH DATA ELEMENTS--GENERAL INFORMATION
fixed length control field 240202b ||||| |||| 00| 0 eng d
040 ## - CATALOGING SOURCE
Transcribing agency 0
082 ## - DEWEY DECIMAL CLASSIFICATION NUMBER
Classification number DPer 621.317 Ie21 January 2022 v. 37 n. 1
100 ## - MAIN ENTRY--PERSONAL NAME
Personal name Nasr, Ahmed.
Relator term author.
9 (RLIN) 51263
245 ## - TITLE STATEMENT
Title Torque-performance improvement for direct torque-controlled PMSM drives based on duty-ratio regulation /
Statement of responsibility, etc. Ahmed Nasr, Chunyang Gu, Xuchen Wang, Giampaolo Buticchi, Serhiy Bozhko, and Chris Gerada.
260 ## - PUBLICATION, DISTRIBUTION, ETC. (IMPRINT)
Place of publication, distribution, etc. New York ;
Name of publisher, distributor, etc. The Institute of Electrical and Electronics Engineers, Inc. ,
Date of publication, distribution, etc. January 2022.
300 ## - PHYSICAL DESCRIPTION
Extent Volume 37, pages 749-760 :
Other physical details illustration ;
Dimensions 28 cm.
500 ## - GENERAL NOTE
General note IEEE Transactions on Power Electronics, v. 37 n 1, pages 749-760, January 2022.
650 #0 - SUBJECT ADDED ENTRY--TOPICAL TERM
Topical term or geographic name as entry element Torque.
9 (RLIN) 65882
650 #0 - SUBJECT ADDED ENTRY--TOPICAL TERM
Topical term or geographic name as entry element Torque measurement.
9 (RLIN) 65725
650 #0 - SUBJECT ADDED ENTRY--TOPICAL TERM
Topical term or geographic name as entry element Steady-state.
9 (RLIN) 65883
700 ## - ADDED ENTRY--PERSONAL NAME
Personal name Nasr, Ahmed.
Relator term author.
9 (RLIN) 51263
700 ## - ADDED ENTRY--PERSONAL NAME
Personal name Gu, Chunyang.
Relator term author.
9 (RLIN) 51264
700 ## - ADDED ENTRY--PERSONAL NAME
Personal name Wang, Xuchen.
Relator term author.
9 (RLIN) 51265
700 ## - ADDED ENTRY--PERSONAL NAME
Personal name Buticchi, Giampaolo.
Relator term author.
9 (RLIN) 51266
700 ## - ADDED ENTRY--PERSONAL NAME
Personal name Bozhko, Serhiy.
Relator term author.
9 (RLIN) 51267
700 ## - ADDED ENTRY--PERSONAL NAME
Personal name Gerada, Chris.
Relator term author.
9 (RLIN) 51268
942 ## - ADDED ENTRY ELEMENTS (KOHA)
Source of classification or shelving scheme Dewey Decimal Classification
Koha item type Periodicals
Holdings
Withdrawn status Lost status Source of classification or shelving scheme Damaged status Not for loan Collection code Home library Current library Date acquired Total Checkouts Full call number Date last seen Price effective from Koha item type Public note
    Dewey Decimal Classification     Periodicals UM Digos College - LIC UM Digos College - LIC 02/02/2024   DPer 621.317 Ie21 January 2022 v. 37 n. 1 02/02/2024 02/02/2024 Periodicals Periodical Article